Анализ программного обеспечения на основе структурно-графического представления; Проблемы информатики; № 5

Dades bibliogràfiques
Parent link:Проблемы информатики.— , 2008-
№ 5.— 2011.— [С. 6-15]
Autor principal: Дёмин А. Ю. Антон Юрьевич
Altres autors: Рейзлин В. И. Валерий Израилевич
Sumari:Заглавие с экрана
Предложены алгоритмы получения структурно-графических представлений программного обеспечения (ПО) из текста программ. Для оценки сложности по критерию связанности предлагается использовать специальный информационный граф, называемый графом потока данных (ГПД). Представление ПО в виде ГПД позволяет решать задачу распараллеливания программы по памяти. Для этого разработан и реализован алгоритм перестроения ГПД в ярусно-параллельную форму.
The algorithms of making structure-graphical images of software based on the content of programs were introduced. To evaluate the complexity index according to the criterion of connectivity the special information graph is proposed to be used (called a graph of data flow GDF). Introducing software in GDP allows to solve the task of program paralleling on memory. So, the algorithm of GDF reconstructing into a tier parallel structure was developed and implemented.
Режим доступа: по договору с организацией-держателем ресурса
Idioma:rus
Publicat: 2011
Col·lecció:Системная информатика
Matèries:
Accés en línia:http://elibrary.ru/item.asp?id=17319680
http://www.problem-info.sscc.ru/2011-5/1.pdf#page=6
Format: Electrònic Capítol de llibre
KOHA link:https://koha.lib.tpu.ru/cgi-bin/koha/opac-detail.pl?biblionumber=652291

MARC

LEADER 00000naa0a2200000 4500
001 652291
005 20250328143955.0
035 |a (RuTPU)RU\TPU\network\17555 
090 |a 652291 
100 |a 20161214d2011 k||y0rusy50 ca 
101 0 |a rus 
102 |a RU 
135 |a drnn ---uucaa 
181 0 |a i  
182 0 |a b 
200 1 |a Анализ программного обеспечения на основе структурно-графического представления  |f А. Ю. Дёмин, В. И. Рейзлин 
203 |a Текст  |c электронный 
225 1 |a Системная информатика 
300 |a Заглавие с экрана 
320 |a [Библиогр.: 5 назв.] 
330 |a Предложены алгоритмы получения структурно-графических представлений программного обеспечения (ПО) из текста программ. Для оценки сложности по критерию связанности предлагается использовать специальный информационный граф, называемый графом потока данных (ГПД). Представление ПО в виде ГПД позволяет решать задачу распараллеливания программы по памяти. Для этого разработан и реализован алгоритм перестроения ГПД в ярусно-параллельную форму. 
330 |a The algorithms of making structure-graphical images of software based on the content of programs were introduced. To evaluate the complexity index according to the criterion of connectivity the special information graph is proposed to be used (called a graph of data flow GDF). Introducing software in GDP allows to solve the task of program paralleling on memory. So, the algorithm of GDF reconstructing into a tier parallel structure was developed and implemented. 
333 |a Режим доступа: по договору с организацией-держателем ресурса 
461 |t Проблемы информатики  |d 2008- 
463 |t № 5  |v [С. 6-15]  |d 2011 
610 1 |a электронный ресурс 
610 1 |a труды учёных ТПУ 
610 1 |a программное обеспечение 
610 1 |a графы 
610 1 |a потоки данных 
610 1 |a распараллеливание 
610 1 |a прямые 
700 1 |a Дёмин  |b А. Ю.  |c специалист в области информатики и вычислительной техники  |c доцент Томского политехнического университета, кандидат технических наук  |f 1973-  |g Антон Юрьевич  |3 (RuTPU)RU\TPU\pers\25389  |9 11332 
701 1 |a Рейзлин  |b В. И.  |c специалист в области автоматического управления  |c доцент Томского политехнического университета, кандидат физико-математических наук  |f 1948-  |g Валерий Израилевич  |3 (RuTPU)RU\TPU\pers\25409  |9 11352 
801 2 |a RU  |b 63413507  |c 20161214  |g RCR 
856 4 |u http://elibrary.ru/item.asp?id=17319680 
856 4 |u http://www.problem-info.sscc.ru/2011-5/1.pdf#page=6 
942 |c CF